000 00628nam a2200265Ia 4500
005 20260306163516.0
008 008 260114s9999 xx 000 0 eng d
020 _a9781479827954
037 _aEBOOK
040 _aCRL
040 _beng
040 _cCRL
041 _2eng
041 _aeng
084 _qCRL
100 _aMallinson
_9918963
245 0 _aGreen Rush: The Rise Of Medical Marijuana In The United States
260 _bNYU Press
260 _c2025
650 _aSocial Work
856 _uhttps://academic.oup.com/book/59199
942 _cEBOOK
999 _c1710386
_d1710386